| 000 | 00450cam a2200181ua 4500 | ||
|---|---|---|---|
| 020 | _c3.00 | ||
| 041 |
_amal _h |
||
| 082 |
_a894.812 803 55 _bDAY/HI |
||
| 100 | _aDayananda, Theertha . | ||
| 245 |
_aHimagiriyiloode / _cDaananda Theertha. _hTextual Documents |
||
| 250 |
_a1 / _b. |
||
| 260 |
_aViyyur : _bBharathee Bhooshanam Press , _c1964. |
||
| 300 | _a253 ; . | ||
| 365 | _a3.00 | ||
| 504 | _a | ||
| 942 | _cBK | ||
| 999 |
_c6532 _d6532 |
||